| 000 | 00635nam a2200181 a 4500 | ||
|---|---|---|---|
| 005 | 20240305063708.0 | ||
| 008 | 991125s1962 mx 000 0 spa u | ||
| 035 | _aUPN01000006092 | ||
| 049 | _aLT | ||
| 050 | 4 |
_aLB1644 M6.1 _bB3.2 |
|
| 100 | 1 |
_aBarrera Valdés, Francisco _936149 |
|
| 245 | 1 | 3 |
_aEl buen ciudadano / _cFrancisco Barrera Valdés. |
| 260 |
_aMéxico : _bPorrúa, _c1962. |
||
| 300 |
_a254 p. : _bil. |
||
| 500 | _aGuía de actividades prácticas para el uso de los alumnos del primer curso de educación cívica de las escuelas secundarias | ||
| 650 | 4 |
_aCivismo _xEstudio y enseñanza (Secundaria) _91512 |
|
| 905 | _aLibro | ||
| 999 |
_c6092 _d6092 |
||